The Dacca Law Reports : fortnightly law journal : table of cases of the High Court of East Pakistan, Dacca. Volume XVII /

Dades bibliogràfiques
Autor corporatiu: Chowdhury, Obaidul Haque
Format: Llibre
Idioma:English
Publicat: Dacca [Bangladesh] : Dacca Law Reports, 1965
Matèries:
Classic Catalogue: View this record in Classic Catalogue
LEADER 01675nam a2200325 a 4500
001 0020905
003 BD-DhAAL
008 100927s1965 bg w 000 0 eng d
040 |a BD-DhAAL  |c BD-DhAAL 
082 0 0 |a 348.5492/046  |2 22 
130 0 |a DLR  |9 4129 
245 0 4 |a The Dacca Law Reports :  |b fortnightly law journal : table of cases of the High Court of East Pakistan, Dacca.  |n Volume XVII /  |c Obaidul Haque Chowdhury, editor 
246 1 7 |a The Dhaka Law Reports. 
260 |a Dacca [Bangladesh] :  |b Dacca Law Reports,   |c 1965 
300 |a 757 p. ;  |c 25 cm. 
362 0 |a Vol. 17 (1965) 
500 |a Table of Cases of the Supreme Court of Pakistan. 
500 |a "A journal of law reports." 
500 |a Latest issue consulted: Vol. XVII,January to December,1965 
526 |a SOL  |x Saira Rahman Khan, Associate Professor School of Law BRAC University 
541 |e 0020905, 0022296  |a Anupam Gyan Bhandar 
590 |a Published yearly. 
650 0 |a Law reports, digests, etc.  |z Bangladesh.  |9 4130 
650 0 |a Law reports, digests, etc.  |z India  |z Bengal.  |9 4131 
710 1 |a Chowdhury, Obaidul Haque.  |9 3864 
852 1 |a Ayesha Abed Library  |c Reference shelf  
942 |2 ddc  |c 1HOUR  |0 3 
999 |c 10662  |d 10662 
952 |0 0  |1 0  |2 ddc  |4 0  |6 348_549204600000000_DAC  |7 0  |8 REF  |9 16029  |a BRACUL  |b BRACUL  |c REF  |d 2011-04-10  |l 2  |o 348.5492046 DAC  |p 3010022296  |r 2013-12-26  |s 2013-12-26  |t 2  |w 2011-04-10  |y 1HOUR 
952 |0 0  |1 0  |2 ddc  |4 0  |6 348_549204600000000_DAC  |7 0  |8 REF  |9 24033  |a BRACUL  |b BRACUL  |c REF  |d 2014-03-29  |e Anupam Gyan Bhandar  |l 8  |o 348.5492046 DAC  |p 3010020905  |r 2016-11-20  |s 2016-11-20  |t 1  |w 2014-03-29  |y 1HOUR  |x Requisitioned by Saira Rahman Khan, Associate Professor, School of Law, BRAC University.